000 00773nas a2200241 4500
001 BR2013003787
003 BR-BrBNA
005 20231205122328.0
007 ta
008 230509b bl.|||p| |||| 00| 00por d
040 _aBR-BrBNA
_bpor
_cBiblioteca Nacional de Agricultura
041 _a(Pt)
072 _aM40
100 1 _aSantos, A.C. de A.
100 1 _aAraújo, F.G.
245 1 _aHábitos alimentares de três espécies de gerreidae (Osteichthyes, Perciformes)na Baía de Sepetiba, RJ
650 _aCARAPEBA
650 _aBIOLOGIA
650 _aHÁBITO ALIMENTAR
773 0 _tArquivos de Biologia e Tecnologia (Brazil)
_xISSN 0365-0979
_g(Jun 1997), v. 40(2) p. 359-368
_wBR2013003787
909 _a202311
_bLúcia
_c55
_dLúcia Elande
942 _2AGRIS
_n0
_cANA
999 _c228103
_d228103